000
00288nam a22001217a 4500
008
181101b xxu||||| |||| 00| 0 eng d
041
_a
eng
080
_2
3 th
_a
611
100
_a
7
101
_a
ana
245
_a
Clinical Neuro Anatomy And Neurophysiology
_c
Gatz.A.J
942
_2
udc
_c
BK
999
_c
51385
_d
51385